Hydraulic fracture crack redestribution by optimization of the reservoir pressure maintenance system; Проблемы геологии и освоения недр; Т. 2

Մատենագիտական մանրամասներ
Parent link:Проблемы геологии и освоения недр: труды XXIII Международного симпозиума имени академика М. А. Усова студентов и молодых ученых, посвященного 120-летию со дня рождения академика К. И. Сатпаева, 120-летию со дня рождения профессора К. В. Радугина, Томск, 8-12 апреля 2019 г./ Национальный исследовательский Томский политехнический университет, Инженерная школа природных ресурсов ; гл. ред. А. С. Боев ; под ред. Е. Ю. Пасечник.— , 2019
Т. 2.— 2019.— [С. 731-732]
Հիմնական հեղինակ: Sinebryukhov K. V.
Համատեղ հեղինակ: Национальный исследовательский Томский политехнический университет Школа базовой инженерной подготовки Отделение иностранных языков
Այլ հեղինակներ: Solomatin V. P. (научный руководитель), Bolsunovskaya L. M. Ludmila Mihailovna
Ամփոփում:Заглавие с экрана
Լեզու:անգլերեն
Հրապարակվել է: 2019
Շարք:Геология, горное и нефтегазовое дело (доклады на английском и немецком языках)
Խորագրեր:
Առցանց հասանելիություն:http://earchive.tpu.ru/handle/11683/56432
Ձևաչափ: MixedMaterials Էլեկտրոնային Գրքի գլուխ
KOHA link:https://koha.lib.tpu.ru/cgi-bin/koha/opac-detail.pl?biblionumber=630227

MARC

LEADER 00000naa2a2200000 4500
001 630227
005 20231101133612.0
035 |a (RuTPU)RU\TPU\conf\31157 
035 |a RU\TPU\conf\31156 
090 |a 630227 
100 |a 20191021d2019 k y0rusy50 ba 
101 0 |a eng 
102 |a RU 
105 |a y z 100zy 
135 |a drcn ---uucaa 
181 0 |a i  
182 0 |a b 
200 1 |a Hydraulic fracture crack redestribution by optimization of the reservoir pressure maintenance system  |f K. V. Sinebryukhov, V. P. Solomatin  |g sci. adv. L. M. Bolsunovskaya 
203 |a Текст  |c электронный 
225 1 |a Геология, горное и нефтегазовое дело (доклады на английском и немецком языках) 
230 |a 1 компьютерный файл (pdf; 207 Kb) 
300 |a Заглавие с экрана 
320 |a [Библиогр.: с. 732 (8 назв.)] 
461 1 |0 (RuTPU)RU\TPU\conf\30471  |t Проблемы геологии и освоения недр  |o труды XXIII Международного симпозиума имени академика М. А. Усова студентов и молодых ученых, посвященного 120-летию со дня рождения академика К. И. Сатпаева, 120-летию со дня рождения профессора К. В. Радугина, Томск, 8-12 апреля 2019 г.  |o в 2 т.  |f Национальный исследовательский Томский политехнический университет, Инженерная школа природных ресурсов ; гл. ред. А. С. Боев ; под ред. Е. Ю. Пасечник  |d 2019 
463 1 |0 (RuTPU)RU\TPU\conf\30475  |t Т. 2  |v [С. 731-732]  |d 2019 
610 1 |a труды учёных ТПУ 
610 1 |a электронный ресурс 
610 1 |a перераспределение 
610 1 |a трещины 
610 1 |a гидроразрывы 
610 1 |a поддержание пластового давления 
610 1 |a ППД 
610 1 |a обводненность 
700 1 |a Sinebryukhov  |b K. V. 
701 1 |a Solomatin  |b V. P. 
702 1 |a Bolsunovskaya  |b L. M.  |c linguist  |c The Head of the Department of Tomsk Polytechnic University, Candidate of philological science  |f 1966-  |g Ludmila Mihailovna  |2 stltpush  |4 727 
712 0 2 |a Национальный исследовательский Томский политехнический университет  |b Школа базовой инженерной подготовки  |b Отделение иностранных языков  |h 8029  |2 stltpush  |3 (RuTPU)RU\TPU\col\23510 
801 2 |a RU  |b 63413507  |c 20191024  |g RCR 
856 4 |u http://earchive.tpu.ru/handle/11683/56432 
942 |c BK